000 00653nam a2200193Ia 4500
001 3126
003 GE_BSU
008 181216s||||||||xx |||||||||||||| ||und||
040 _cGE_BSU
080 _a624.072.327
245 _aВисячие системы конструкции и расчет нитей конечностей жесткости
245 _cРед. Л.И. Шимова
260 _aКиев
260 _bБудiвельник
260 _c1984
300 _a206стр. 20см.
653 _aВисячие системы конструкции и расчет нитей конечностей жесткости
942 _cBK
999 _c37170
_d37170